| 000 | 01040pam a2200337 a 4500 | ||
|---|---|---|---|
| 001 | 1107394 | ||
| 003 | OSt | ||
| 005 | 20140310184248.0 | ||
| 008 | 930722s1993 nyu j 000 1 eng | ||
| 010 | _a 93028525 | ||
| 020 | _a0439229545 | ||
| 040 |
_aDLC _cDLC _dDLC |
||
| 042 | _alcac | ||
| 050 | 0 | 0 |
_aPZ 7 _b.P4315Su 1993 |
| 082 | 0 | 0 | _a[Fic] |
| 100 | 1 |
_aPerkins, Mitali. _923976 |
|
| 245 | 1 | 4 |
_aThe Sunita experiment / _cMitali Perkins. _hhttp://sisc-library:8080/cgi-bin/koha/cataloguing/addbiblio.pl#tab4XX |
| 260 |
_aNew York : _bScholastics _cc1993. |
||
| 300 |
_a179 p. ; _c22 cm. |
||
| 521 | _aG5 | ||
| 526 | _c780 | ||
| 562 | _e1 | ||
| 650 | 1 |
_aEast Indian Americans _xFiction. _929920 |
|
| 650 | 1 |
_aGrandparents _xFiction. _929921 |
|
| 650 | 1 |
_aFamily life _xFiction. _929922 |
|
| 650 | 1 |
_aFriendship _xFiction. _929923 |
|
| 906 |
_a7 _bcbc _corignew _d1 _eocip _f19 _gy-gencatlg |
||
| 942 |
_2lcc _cBK-SCHOLAS |
||
| 999 |
_c33339 _d33339 |
||